00940 2200337 4500001002100000005001500021035002000036007000300056040001700059100003100076245006900107250001000176300003400186020001800220041000800238082001200246084001800258090002600276264003800302336002100340337003000361338002300391650001900414850001000433008004100443990002400484990002400508990002400532990002400556990002200580INLIS00000000000932920260422074618 a0010-1122000288ta aSBPUPADbind0 aTransmedia TeamePengarang1 aSudoku Permainan Pengasah Otak Yang Menantang /cTransmedia Team aCet.3 aiv, 68 hlm. :bilus. ;c19 cm a979-799-007-90 bind a793.513 a793.513 TRA s a793.513 TRA s RA 2-2 aJakarta :bTransmedia Team,c2006 2rdacontentateks 2rdamediaatanpa perantara 2rdacarrieravolume 4aPermainan Anak aPUPAD260422 1  a6101/ARPUS-PDG/2008 a6103/ARPUS-PDG/2008 a6106/ARPUS-PDG/2008 a6104/ARPUS-PDG/2008 a6105/ARPUS-PDG 08